[Event "Skopje Karpos Cristmas op"]
[Site "Skopje"]
[Date "2016.01.16"]
[Round "4"]
[White "Tancev, Zoran"]
[Black "Novoselski, Zoran"]
[Result "0-1"]
[WhiteElo "2304"]
[BlackElo "2424"]
[PlyCount "48"]
[EventDate "2016.01.16"]
[EventType "swiss"]
[EventRounds "9"]
[EventCountry "MKD"]
[SourceTitle "CBM 170 Extra"]
[Source "ChessBase"]
[SourceDate "2016.02.25"]
[SourceVersion "1"]
[SourceVersionDate "2016.02.25"]
[SourceQuality "1"]

1. d4 Nf6 2. c4 e6 3. Nc3 Bb4 4. Nf3 0-0 5. e3 d5 6. Bd3 b6 7. cxd5 exd5 8. h3 Re8 9. 0-0 Nbd7 10. Qa4 Bxc3 11. bxc3 a6 12. c4 Bb7 13. cxd5 Bxd5 14. Nd2 c5 15. Bb2 b5 16. Qd1 c4 17. Bf5 g6 18. Bxd7 Qxd7 19. Bc3 Qb7 20. e4 Nxe4 21. Nxe4 Bxe4 22. Qg4 b4 23. Bd2 c3 24. Bg5 Qd5 0-1

[Event "FRM-chT 20th"]
[Site "Struga"]
[Date "2011.08.12"]
[Round "5"]
[White "Kosic, Dragan"]
[Black "Tancev, Zoran"]
[Result "1-0"]
[WhiteElo "2483"]
[BlackElo "2284"]
[PlyCount "87"]
[EventDate "2011.08.08"]
[EventType "team-tourn"]
[EventRounds "7"]
[EventCountry "MKD"]
[SourceTitle "CBM 143 Extra"]
[Source "ChessBase"]
[SourceDate "2011.08.29"]
[SourceVersion "1"]
[SourceVersionDate "2011.08.29"]
[SourceQuality "1"]
[WhiteTeam "Skopje Kisela Voda"]
[BlackTeam "Skopje Milenium"]
[WhiteTeamCountry "MKD"]
[BlackTeamCountry "MKD"]

1. d4 d5 2. Bf4 Nf6 3. e3 e6 4. Nd2 Bd6 5. Bg3 0-0 6. Bd3 c5 7. c3 Nc6 8. Ngf3 cxd4 9. exd4 h6 10. Ne5 Bxe5 11. dxe5 Nd7 12. Nf3 Nc5 13. Bc2 a5 14. 0-0 b5 15. Nd4 Qb6 16. Qg4 Nxd4 17. cxd4 Ne4 18. Rad1 Bd7 19. Bf4 f5 20. exf6 Nxf6 21. Qe2 b4 22. Bd3 Kh8 23. Be5 Be8 24. Rde1 Bh5 25. f3 Nd7 26. Bg3 Bf7 27. Qe3 Rae8 28. Rc1 Rc8 29. Bf4 Kg8 30. Rcd1 Rfe8 31. Qf2 Nf8 32. Be5 Bg6 33. Qg3 Kh7 34. Rc1 Rxc1 35. Rxc1 Re7 36. Qf4 Nd7 37. Bc7 Qa7 38. Bd6 Rf7 39. Qxf7 Qxd4+ 40. Kh1 Bxd3 41. Qxd7 Qxb2 42. Re1 Qf2 43. Bg3 Qxa2 44. Be5 1-0

[Event "Skopje op"]
[Site "Skopje"]
[Date "2011.03.24"]
[Round "6"]
[White "Tancev, Zoran"]
[Black "Veleski, Robert"]
[Result "0-1"]
[WhiteElo "2279"]
[BlackElo "2234"]
[PlyCount "80"]
[EventDate "2011.03.19"]
[EventType "swiss"]
[EventRounds "9"]
[EventCountry "MKD"]
[SourceTitle "CBM 141 Extra"]
[Source "ChessBase"]
[SourceDate "2011.05.03"]
[SourceVersion "1"]
[SourceVersionDate "2011.05.03"]
[SourceQuality "1"]

1. d4 Nf6 2. c4 e6 3. Nc3 Bb4 4. Qc2 d5 5. cxd5 exd5 6. Bg5 h6 7. Bxf6 Qxf6 8. a3 Bxc3+ 9. Qxc3 c6 10. Nf3 0-0 11. e3 Re8 12. b4 Bf5 13. b5 cxb5 14. Bxb5 Rc8 15. Qb3 Be4 16. Be2 Nc6 17. 0-0 Na5 18. Qb4 Qb6 19. Nd2 Rc2 20. Nxe4 dxe4 21. Bd1 Rb2 22. Qe7 Qc6 23. Bh5 Qd5 24. Rac1 Qxh5 25. Rc5 Nc6 26. Qxe4 Qg6 27. Qf4 Re8 28. Rf5 Ne7 29. Re5 Qc6 30. Rc5 Qf6 31. Qe4 Qg6 32. Qe5 Qe6 33. Qg3 Nf5 34. Qf4 Ne7 35. e4 Rc8 36. Re5 Ng6 37. Rxe6 Nxf4 38. Rd6 Rb6 39. Rd7 Kf8 40. g3 Ke8 0-1

[Event "Skopje op"]
[Site "Skopje"]
[Date "2011.03.23"]
[Round "5"]
[White "Bogdanovski, Vlatko"]
[Black "Tancev, Zoran"]
[Result "1/2-1/2"]
[WhiteElo "2421"]
[BlackElo "2279"]
[PlyCount "24"]
[EventDate "2011.03.19"]
[EventType "swiss"]
[EventRounds "9"]
[EventCountry "MKD"]
[SourceTitle "CBM 141 Extra"]
[Source "ChessBase"]
[SourceDate "2011.05.03"]
[SourceVersion "1"]
[SourceVersionDate "2011.05.03"]
[SourceQuality "1"]

1. Nf3 Nf6 2. d4 d5 3. Bf4 Bf5 4. e3 e6 5. c4 Bxb1 6. Rxb1 Bb4+ 7. Ke2 Bd6 8. c5 Bxf4 9. exf4 Nc6 10. g3 0-0 11. Bg2 b6 12. Ne5 Ne7 1/2-1/2

[Event "Skopje op"]
[Site "Skopje"]
[Date "2011.03.22"]
[Round "4"]
[White "Tancev, Zoran"]
[Black "Menkinoski, Riste"]
[Result "0-1"]
[WhiteElo "2279"]
[BlackElo "2298"]
[PlyCount "92"]
[EventDate "2011.03.19"]
[EventType "swiss"]
[EventRounds "9"]
[EventCountry "MKD"]
[SourceTitle "CBM 141 Extra"]
[Source "ChessBase"]
[SourceDate "2011.05.03"]
[SourceVersion "1"]
[SourceVersionDate "2011.05.03"]
[SourceQuality "1"]

1. d4 Nf6 2. c4 e6 3. Nf3 Bb4+ 4. Bd2 Qe7 5. Nc3 b6 6. g3 Bb7 7. Bg2 Bxc3 8. Bxc3 Ne4 9. Qc2 Nxc3 10. Qxc3 0-0 11. 0-0 d6 12. Rfe1 f5 13. Bf1 Nd7 14. Nd2 e5 15. e4 exd4 16. Qxd4 f4 17. f3 h5 18. Bh3 Ne5 19. Bf5 Qg5 20. Re2 fxg3 21. hxg3 Qxd2 22. Be6+ Kh8 23. Rxd2 Nxf3+ 24. Kg2 Nxd4 25. Rxd4 Rae8 26. Bd7 Re7 27. Ba4 Bxe4+ 28. Kg1 Rf3 29. Re1 Rxg3+ 30. Kh2 Rg2+ 31. Kh3 Rg4 32. Bd1 Bg2+ 33. Kh2 Rxe1 34. Bxg4 hxg4 35. Kxg2 Re2+ 36. Kg3 Rxb2 37. c5 dxc5 38. Rd7 Rxa2 39. Kxg4 Rf2 40. Rxc7 a5 41. Rb7 Rf6 42. Kg5 Rc6 43. Rb8+ Kh7 44. Kf5 c4 45. Ke5 c3 46. Rc8 Rxc8 0-1

[Event "Skopje op"]
[Site "Skopje"]
[Date "2011.03.20"]
[Round "2"]
[White "Tancev, Zoran"]
[Black "Koskoska, Gabriela"]
[Result "1-0"]
[WhiteElo "2279"]
[BlackElo "2145"]
[PlyCount "51"]
[EventDate "2011.03.19"]
[EventType "swiss"]
[EventRounds "9"]
[EventCountry "MKD"]
[SourceTitle "CBM 141 Extra"]
[Source "ChessBase"]
[SourceDate "2011.05.03"]
[SourceVersion "1"]
[SourceVersionDate "2011.05.03"]
[SourceQuality "1"]

1. d4 Nf6 2. c4 c5 3. d5 b5 4. cxb5 a6 5. bxa6 Bxa6 6. Nc3 d6 7. f4 g6 8. Nf3 Bg7 9. e4 Bxf1 10. Rxf1 Nbd7 11. Kf2 Qb6 12. Kg1 0-0 13. Qe2 Rfb8 14. e5 dxe5 15. fxe5 Ng4 16. e6 fxe6 17. Ng5 Bd4+ 18. Kh1 Qa6 19. Nb5 Nf2+ 20. Rxf2 Bxf2 21. d6 Nf8 22. Qxf2 exd6 23. Qf7+ Kh8 24. Qf6+ Kg8 25. Nf7 h5 26. Bh6 1-0

[Event "FRM-chT 18th"]
[Site "Struga"]
[Date "2009.08.14"]
[Round "5"]
[White "Stamenkov, Vanco"]
[Black "Tancev, Zoran"]
[Result "0-1"]
[WhiteElo "2342"]
[BlackElo "2216"]
[PlyCount "102"]
[EventDate "2009.08.10"]
[EventType "team-tourn"]
[EventRounds "7"]
[EventCountry "MKD"]
[SourceTitle "CBM 131 Extra"]
[Source "ChessBase"]
[SourceDate "2009.09.03"]
[SourceVersion "2"]
[SourceVersionDate "2009.09.16"]
[SourceQuality "1"]

1. Nf3 Nf6 2. c4 g6 3. g3 Bg7 4. Bg2 0-0 5. 0-0 d6 6. Nc3 Nc6 7. Rb1 a5 8. d3 Bd7 9. h3 h6 10. e4 e5 11. Be3 Kh7 12. d4 exd4 13. Nxd4 Re8 14. g4 Ne5 15. b3 a4 16. Qd2 c6 17. Nde2 Bf8 18. Bf4 Ra5 19. Bg3 Qb6 20. Nxa4 Qa7 21. c5 dxc5 22. f4 Nc4 23. Qc1 b5 24. bxc4 Rxa4 25. cxb5 cxb5 26. Nc3 Rc4 27. e5 b4 28. Nd5 Rxc1 29. Nxf6+ Kh8 30. Rfxc1 Rc8 31. Rd1 Ba4 32. Rd5 Bc6 33. Rd2 c4+ 34. Bf2 Qa8 35. Bxc6 Qxc6 36. Rd7 Kg7 37. Rbd1 c3 38. Re1 Bc5 39. e6 Bxf2+ 40. Kxf2 Rf8 41. Nd5 c2 42. f5 gxf5 43. gxf5 c1Q 44. f6+ Kh7 45. Rxc1 Qxc1 46. e7 Ra8 47. Rd8 Rxa2+ 48. Kf3 Qf1+ 49. Ke4 Qc4+ 50. Ke5 Re2+ 51. Kf5 Qe4# 0-1

[Event "FRM-chT 18th"]
[Site "Struga"]
[Date "2009.08.13"]
[Round "4"]
[White "Tancev, Zoran"]
[Black "Simovski, Goran"]
[Result "1-0"]
[WhiteElo "2216"]
[BlackElo "2256"]
[PlyCount "79"]
[EventDate "2009.08.10"]
[EventType "team-tourn"]
[EventRounds "7"]
[EventCountry "MKD"]
[SourceTitle "CBM 131 Extra"]
[Source "ChessBase"]
[SourceDate "2009.09.03"]
[SourceVersion "2"]
[SourceVersionDate "2009.09.16"]
[SourceQuality "1"]

1. d4 Nf6 2. c4 d6 3. Nf3 Nbd7 4. Nc3 e5 5. e4 Be7 6. Be2 0-0 7. 0-0 c6 8. Be3 Re8 9. h3 a6 10. Qc2 Qc7 11. Rac1 Bf8 12. a3 b5 13. b4 Bb7 14. cxb5 cxb5 15. Qa2 Qb8 16. Ng5 Re7 17. d5 h6 18. Nf3 g6 19. Nd2 Ne8 20. Nb3 f5 21. Na5 Ndf6 22. f3 f4 23. Bf2 Kh8 24. a4 Nc7 25. Bd3 g5 26. Qe2 h5 27. axb5 axb5 28. Nxb5 Nxb5 29. Bxb5 Rg7 30. Nxb7 Rxb7 31. Bc6 Rxb4 32. Bxa8 Qxa8 33. Rc7 Qe8 34. Rfc1 Qg6 35. Rc8 Kg8 36. Qa6 Nh7 37. Bc5 Rb2 38. Qxd6 Qg7 39. Qe6+ Kh8 40. Bxf8 1-0

[Event "FRM-chT 18th"]
[Site "Struga"]
[Date "2009.08.10"]
[Round "1"]
[White "Nedev, Trajce"]
[Black "Tancev, Zoran"]
[Result "1-0"]
[WhiteElo "2508"]
[BlackElo "2216"]
[PlyCount "57"]
[EventDate "2009.08.10"]
[EventType "team-tourn"]
[EventRounds "7"]
[EventCountry "MKD"]
[SourceTitle "CBM 131 Extra"]
[Source "ChessBase"]
[SourceDate "2009.09.03"]
[SourceVersion "2"]
[SourceVersionDate "2009.09.16"]
[SourceQuality "1"]

1. e4 c5 2. Nf3 d6 3. d4 cxd4 4. Nxd4 Nf6 5. Nc3 a6 6. Be3 e6 7. f3 b5 8. Qd2 Nbd7 9. g4 Nb6 10. Bd3 Bb7 11. Qf2 Nfd7 12. 0-0-0 Rc8 13. Nce2 Nc4 14. Bxc4 Rxc4 15. Kb1 Be7 16. h4 0-0 17. g5 Ne5 18. Qg3 Qa8 19. Rh2 Rfc8 20. Nf4 Nxf3 21. Nxf3 Bxe4 22. Ne1 Qc6 23. Nfd3 d5 24. Bf4 f6 25. gxf6 Bxf6 26. Be5 Bxe5 27. Qxe5 Rf8 28. Nf4 Rxf4 29. Qxf4 1-0